000 00643cam a22002057a 4500
001 000080
003 armpunfd
005 20140612090557.0
008 011019e1981####xx#a##########000#0#und#d
040 _aarmpunfd
_carmpunfd
080 _a340.1 M 763
100 1 0 _a Montejano, Bernardino
245 1 0 _aIdeologia, racionalismo y realidad : el papel de los principios y de las circunstancias en lo politico y juridico
260 _a Buenos Aires
_b Abeledo- Perrot
_cIMP. 1981
300 _a254 p.
650 7 _a Derecho
_x Teoria Del
_2LEMB
650 7 _a Filosofia Del Derecho
_2LEMB
942 _cLB
_2cdu
945 _aCatalis
_d2010-08-19
999 _c79
_d230583